Medallero de los Juegos Olímpicos - Piragüismo - Estadísticas

Estadísticas generales
  • Esta prueba ha sido intentada 28 veces
  • La puntuación promedio es 14 de 17
Estadísticas de respuestas
Total Oro Plata Bronce País % Correcto
30 14 11 9 Alemania Oriental
96%
19 5 7 4 España
96%
17 6 7 6 Estados Unidos
96%
36 8 3 19 Francia
96%
17 6 8 4 Italia
96%
77 34 19 24 Alemania
92%
19 5 10 6 Reino Unido
92%
27 5 7 14 Australia
81%
86 28 31 27 Hungría
81%
30 15 10 4 Suecia
81%
26 4 8 11 Canadá
77%
20 0 7 13 Polonia
77%
34 10 9 14 Rumanía
69%
20 8 11 5 Eslovaquia
62%
17 5 5 6 República Checa
58%
17 4 6 8 Bulgaria
50%
51 29 1 9 Unión Soviética
50%
No se encontraron pruebas coincidentes
Distribución de puntuación
Porcentaje de gente con cada puntuación
Porcentaje por número respondido
Historial de tus puntuaciones
No has intentado esta prueba.